Spolupráce Francie a sjednoceného Německa - "motor" evropské integrace?

Národné záujmy Francúzska a Nemecka v období 50.-80. rokov a po zjednotení Nemecka. Odlišnosti vnútorných štruktúr tvorby integračnej politiky Nemecka a Francúzska. Integračný proces po roku 1990. Narastajúce nezhody medzi Francúzskom a Nemeckom. Nemecká a francúzska vízia Európy.

Guardado en:
Detalles Bibliográficos
Autor principal: Kudelová, Dita
Formato: Capítulo de libro
Lenguaje:checo
Materias:
Etiquetas: Agregar Etiqueta
Sin Etiquetas, Sea el primero en etiquetar este registro!

MARC

LEADER 00000naa a2200000 4500
001 r043591
005 20230927112518.4
041 0 |a cze 
044 |a CZ 
245 1 0 |a Spolupráce Francie a sjednoceného Německa - "motor" evropské integrace?  |c Dita Kudelová 
520 |a Národné záujmy Francúzska a Nemecka v období 50.-80. rokov a po zjednotení Nemecka. Odlišnosti vnútorných štruktúr tvorby integračnej politiky Nemecka a Francúzska. Integračný proces po roku 1990. Narastajúce nezhody medzi Francúzskom a Nemeckom. Nemecká a francúzska vízia Európy. 
610 2 0 |a spolupráca hospodárska medzinárodná 
610 2 0 |a vzťahy hospodárske medzinárodné 
610 2 0 |a vzťahy politické medzinárodné 
610 2 0 |a Francúzsko 
610 2 0 |a Nemecko 
610 2 0 |a história 
100 1 |a Kudelová, Dita